|
|
|
|
| LEADER |
00724cam a2200217 7i4500 |
| 001 |
0000029618 |
| 005 |
20170218090000.0 |
| 008 |
090826 eng |
| 020 |
|
|
|a 9781844848300 (pbk.)
|
| 040 |
|
|
|a OhCoOLI
|
| 090 |
0 |
0 |
|a ND30
|b .O84 2006
|
| 245 |
0 |
0 |
|a 1000 paintings of genius
|c [Victoria Charles...[et al.].
|
| 246 |
3 |
|
|a One thousand paintings of genius.
|
| 260 |
|
|
|a London:
|b Sirrocco,
|c 2006.
|
| 300 |
|
|
|a 543 p.:
|b col. ill.;
|c 22 cm.
|
| 500 |
|
|
|a Includes index
|
| 650 |
0 |
0 |
|a Painting
|
| 650 |
0 |
0 |
|a Painting --
|x History
|
| 700 |
1 |
|
|a Charles, Victoria
|
| 997 |
|
|
|a Communication, Visual Art & Computing, Faculty
|b Visual Art, Department
|
| 999 |
|
|
|a 0000037482
|b BOK
|c OPEN SHELF
|e 1st Floor, Shah Alam
|